000 00619nam a2200253Ia 4500
005 20260121154758.0
008 008 260114s9999 xx 000 0 eng d
020 _a9781315101842
037 _aEBOOK
040 _aCRL
040 _beng
040 _cCRL
041 _2eng
041 _aeng
084 _qCRL
100 _a Azirah Hashim; Gerhard Leitner
_91011393
245 0 _aEnglish in Southeast Asia and ASEAN
260 _bTaylor and Francis
260 _c2021
856 _uhttp://www.taylorfrancis.com/books/9781315101842
942 _cEBOOK
999 _c1578214
_d1578214